Central Library OPAC University of Rajshahi

27 days in China (Record no. 23046)

MARC details
000 -LEADER
fixed length control field 00687cam a2200241u 4500
001 - CONTROL NUMBER
control field 23046
003 - CONTROL NUMBER IDENTIFIER
rucl marc code BD-RjUL
005 - DATE AND TIME OF LATEST TRANSACTION
control field 20211209000903.0
008 - FIXED-LENGTH DATA ELEMENTS--GENERAL INFORMATION
fixed length control field 140310s1960 pk a 000 0 eng
035 ## - SYSTEM CONTROL NUMBER
System control number (BD-RjUL)23111
040 ## - CATALOGING SOURCE
Original cataloging agency DLC
Transcribing agency CarP
Modifying agency DLC
Language of cataloging eng
041 ## - LANGUAGE CODE
Language code of text/sound track or separate title eng
082 ## - DEWEY DECIMAL CLASSIFICATION NUMBER
Classification number 915.1
Author mark and year ISD 1960
100 1# - MAIN ENTRY--PERSONAL NAME
Personal name Ispahani, Mirza Abol Hassan,
Dates associated with a name 1902-
9 (RLIN) 71078
245 10 - TITLE STATEMENT
Title 27 days in China
Statement of responsibility, etc. Mirza Abol HassanIspahani
250 ## - EDITION STATEMENT
Edition statement [1st ed.]
260 ## - PUBLICATION, DISTRIBUTION, ETC. (IMPRINT)
Place of publication, distribution, etc. Karachi :
Name of publisher, distributor, etc. Forward Publications,
Date of publication, distribution, etc. 1960.
300 ## - PHYSICAL DESCRIPTION
Pagination 133 p. :
Illustrations 8 illus. (1 fold. col.) ;
Size 23 cm.
651 #0 - SUBJECT ADDED ENTRY--GEOGRAPHIC NAME
Geographic name China
General subdivision Description and travel.
9 (RLIN) 53592
942 ## - ADDED ENTRY ELEMENTS (KOHA)
Source of classification or shelving scheme Dewey Decimal Classification
Koha item type Books
Holdings
Lost status Source of classification or shelving scheme Damaged status Not for loan Collection code Permanent Location Current Location Shelving location Date acquired Source of acquisition Cost, normal purchase price Total Checkouts Full call number Date last seen Copy number Koha item type
  Dewey Decimal Classification   Added to bundle Non-fiction Central Library, University of Rajshahi Central Library, University of Rajshahi Reading Room 18/06/1962 M.A. H. Spahsni 0.00   915.1 ISD 1960 10/03/2014 C-1 Books